Mandukya Upanishad; (Record no. 22739)

MARC details
000 -LEADER
fixed length control field 00314cam a2200133u 4500
082 ## - DEWEY DECIMAL CLASSIFICATION NUMBER
Classification number 294.52
Author Cutter KRI
100 ## - MAIN ENTRY--AUTHOR NAME
Author name Krishnananda Swami
245 00 - TITLE STATEMENT
Title Mandukya Upanishad;
260 ## - PUBLICATION, DISTRIBUTION, ETC. (IMPRINT)
Place of publication Washington, D.C.,
Name of publisher Self-realization Fellowship
Year of publication [1943]
300 ## - PHYSICAL DESCRIPTION
Number of Pages 30 p.
942 ## - ADDED ENTRY ELEMENTS (KOHA)
Koha item type Books
700 0# -
-- Premananda,
Holdings
Home library Current library Shelving location Date acquired Full call number Accession Number Koha item type
Henry Martyn Institute Library Henry Martyn Institute Library General stacks 10/09/2019 294.52 KRI 25618 Books
                   Copyright © 2026 | Henry Martyn Institute | Hyderabad | TS-500052 | INDIA | Implemented by hmi.edu.in
Hit-Count:

Powered by Koha